[Event "AUTO-ADV-3724"]
[Site "http://www.queenalice.com/game.php?id=1447520"]
[Date "2016.11.2"]
[Round "1"]
[White "biskydad"]
[Black "Wefferson44"]
[Result "0-1"]
[WhiteElo "1744"]
[BlackElo "1950"]

1. d4 d5 2. c4 h6 3. Nc3 Nf6 4. Nf3 a6 5. Bf4 dxc4 6. e4 b5 7. h3 e6 8. a3 Bb7
9. b3 cxb3 10. Bd3 b2 11. Ra2 Be7 12. O-O O-O 13. Qb3 b1=Q 14. Rxb1 c5 15. Qc2
c4 16. Be2 Nc6 17. e5 Nd7 18. d5 exd5 19. Nxd5 Ndxe5 20. Nxe7+ Qxe7 21. Qc3 Ng6
22. Qd2 Rad8 23. Qe3 Rfe8 24. Qxe7 Rxe7 25. Rd1 Nxf4 26. Rxd8+ Nxd8 27. Nd4 Nxg2
28. f3 Nf4 29. Bf1 Nc6 30. Nf5 Rd7 31. h4 Ne5 32. a4 b4 33. a5 Nxf3+ 34. Kf2 b3
0-1

[Event "AUTO-ADV-3724"]
[Site "http://www.queenalice.com/game.php?id=1447521"]
[Date "2016.11.2"]
[Round "1"]
[White "Wefferson44"]
[Black "biskydad"]
[Result "0-1"]
[WhiteElo "1948"]
[BlackElo "1764"]

1. e4 c5 2. Bc4 d6 3. Qf3 Nf6 4. h3 Nc6 5. c3 Ne5 6. Qe2 g6 7. Bb3 Bg7 8. Nf3 a6
9. Ng5 b5 10. Nxf7 Nxf7 11. a3 Bb7 12. f3 c4 13. Bc2 Ne5 14. O-O Nh5 15. Qf2 O-O
16. b3 Nd3 17. Qe3 Ng3 18. Rd1 Nxc1 19. Rxc1 Rf6 20. b4 e5 21. d3 d5 22. a4 d4
23. cxd4 exd4 24. Qf2 Qd6 25. Nd2 Bh6 26. Rd1 Be3 27. Qxe3 dxe3 28. Nb1 Qxb4 29.
Na3 e2 30. Rdc1 Qc5+ 31. Kh2 Nf1+ 32. Kh1 c3 33. Re1 Qf2 0-1

[Event "AUTO-ADV-3724"]
[Site "http://www.queenalice.com/game.php?id=1447522"]
[Date "2016.11.2"]
[Round "1"]
[White "biskydad"]
[Black "avieytoa"]
[Result "0-1"]
[WhiteElo "1703"]
[BlackElo "1797"]

1. d4 d5 2. c4 Nf6 3. Nc3 Nc6 4. Nf3 h6 5. e3 Bf5 6. Bd3 Bxd3 7. Qxd3 Nb4 8. Qd2
e6 9. a3 Nc6 10. h3 Bd6 11. c5 Be7 12. b4 O-O 13. O-O a6 14. b5 axb5 15. Nxb5
Ne4 16. Qb2 Bf6 17. a4 Na5 18. Bd2 Nc4 19. Qb4 c6 20. Nc3 Ncxd2 21. Nxd2 Nxd2
22. Rfd1 Nc4 23. Qxb7 Qc8 24. Qxc8 Rfxc8 25. e4 dxe4 26. Nxe4 Nb2 27. Rd2 Nc4
28. Nxf6+ gxf6 29. Rc2 Na5 30. f4 Nb7 31. g4 Kg7 32. f5 Na5 33. fxe6 fxe6 34.
Re2 Kf7 35. Rae1 Re8 36. h4 Nc4 37. Ra2 Kg6 38. Rc1 Ne3 39. a5 Nxg4 40. a6 e5
41. d5 cxd5 42. c6 Rec8 43. Kg2 d4 44. Kf3 Ne3 45. c7 Ra7 46. Ke4 Kh5 47. Rc6
Ng4 48. Rb2 Kxh4 49. Rb8 Rcxc7 50. Rxc7 Rxc7 51. Rb7 Rc6 52. a7 Ra6 53. Rd7 Kg5
54. Kd5 h5 55. Kc5 h4 56. Kb5 Ra1 57. Kb6 Rb1+ 58. Kc6 h3 59. a8=Q h2 60. Qg8+
Kf4 61. Rh7 h1=Q+ 62. Rxh1 Rxh1 63. Qg6 Rh2 64. Kd5 f5 65. Ke6 Ne3 66. Qf6 Rd2
67. Qxe5+ Kf3 68. Qa5 Ke2 69. Qb5+ d3 70. Ke5 Rd1 71. Kf4 Rf1+ 72. Kg3 f4+ 73.
Kh2 f3 74. Kg3 Rg1+ 75. Kf4 f2 76. Qh5+ Ke1 77. Kxe3 Rg3+ 0-1

[Event "AUTO-ADV-3724"]
[Site "http://www.queenalice.com/game.php?id=1447523"]
[Date "2016.11.2"]
[Round "1"]
[White "avieytoa"]
[Black "biskydad"]
[Result "1-0"]
[WhiteElo "1735"]
[BlackElo "1752"]

1. e4 c5 2. d4 cxd4 3. Qxd4 Nc6 4. Qd1 d6 5. Nc3 g6 6. Bc4 Nf6 7. Nf3 h6 8. a3
Bg7 9. h3 O-O 10. O-O a6 11. Bd2 b5 12. Bb3 Bb7 13. Ne2 Nxe4 14. c3 Ne5 15. Nxe5
Bxe5 16. f3 Ng3 17. Nxg3 Bxg3 18. Qe2 Qb6+ 19. Be3 Qc7 20. f4 e6 21. Qg4 Bxf4
22. Bxf4 h5 23. Qg3 e5 24. Bh6 Rfe8 25. Rxf7 Qxf7 26. Bxf7+ Kxf7 27. Rf1+ Ke7
28. Qg5+ Kd7 29. Qxg6 Bxg2 30. Rf7+ Kc6 31. Qxg2+ Kb6 32. Be3+ 1-0

[Event "AUTO-ADV-3724"]
[Site "http://www.queenalice.com/game.php?id=1447524"]
[Date "2016.11.2"]
[Round "1"]
[White "biskydad"]
[Black "JoseMessias"]
[Result "1-0"]
[WhiteElo "1743"]
[BlackElo "1578"]

1. d4 b6 2. e4 Bb7 3. d5 c6 4. c4 cxd5 5. cxd5 d6 6. Nc3 a6 7. Be3 b5 8. Nf3 b4
9. Na4 Nd7 10. Bd3 Ne5 11. Nb6 Ra7 12. Qa4+ Nd7 13. Nxd7 Qxd7 14. Qxd7+ Kxd7 15.
Bxa7 Nf6 16. O-O Ng4 17. Rfc1 Ne5 18. Nxe5+ dxe5 19. Bb8 Kd8 20. Bxe5 f6 21. Bd4
Ke8 22. Rc7 Bxd5 23. Rac1 Kf7 24. exd5 Kg8 25. Rxe7 Bxe7 26. Rc8+ Bf8 27. d6 Kf7
28. Bc4+ Kg6 29. d7 h5 30. d8=Q Kh6 31. Bd3 g5 32. Qxf6# 1-0

[Event "AUTO-ADV-3724"]
[Site "http://www.queenalice.com/game.php?id=1447525"]
[Date "2016.11.2"]
[Round "1"]
[White "JoseMessias"]
[Black "biskydad"]
[Result "0-1"]
[WhiteElo "1586"]
[BlackElo "1733"]

1. g3 d5 2. Bg2 e5 3. e4 d4 4. d3 Nf6 5. Bg5 h6 6. Bxf6 Qxf6 7. Nf3 Bd6 8. h3
Nc6 9. g4 Be6 10. Nbd2 a6 11. h4 Bxg4 12. Nc4 O-O-O 13. Bh3 Bxh3 14. Rxh3 g5 15.
hxg5 hxg5 16. Rxh8 Rxh8 17. Ke2 g4 18. Ne1 Rh2 19. Kd2 Qf4+ 20. Ne3 Rxf2+ 21.
Kc1 Qxe3+ 22. Kb1 Rf1 23. Qxg4+ Kb8 24. b3 Qxe1+ 0-1

[Event "AUTO-ADV-3735"]
[Site "http://www.queenalice.com/game.php?id=1451128"]
[Date "2016.11.20"]
[Round "1"]
[White "bouley"]
[Black "biskydad"]
[Result "1-0"]
[WhiteElo "1981"]
[BlackElo "1708"]

1. e4 c5 2. Nf3 g6 3. Bc4 Nf6 4. d3 d6 5. c3 Bg7 6. O-O Nc6 7. Ng5 Ne5 8. Bb3 e6
9. h3 b5 10. Qe2 c4 11. dxc4 bxc4 12. Bxc4 O-O 13. Bb3 a5 14. Re1 Ba6 15. Qe3
Bc4 16. Nd2 Bxb3 17. Nxb3 Nc4 18. Qe2 d5 19. Nd2 Nxd2 20. Bxd2 dxe4 21. Rad1 Qd5
22. Nxe4 Qxa2 23. Bc1 a4 24. Nxf6+ Bxf6 25. Qf3 Bg7 26. Rd7 Ra5 27. Red1 f5 28.
Qb7 Bf6 29. Rxh7 e5 30. Rh6 Rf7 31. Qc8+ Rf8 32. Rxg6+ Bg7 33. Qc7 Qf7 34. Rxg7+
Qxg7 35. Qxa5 f4 36. Qxa4 Qh7 37. Qc4+ Rf7 38. Rd7 1-0

[Event "AUTO-ADV-3735"]
[Site "http://www.queenalice.com/game.php?id=1451129"]
[Date "2016.11.20"]
[Round "1"]
[White "biskydad"]
[Black "bouley"]
[Result "0-1"]
[WhiteElo "1714"]
[BlackElo "1975"]

1. d4 d5 2. c4 c6 3. Nc3 dxc4 4. e4 b5 5. a4 b4 6. Na2 b3 7. Nc3 Nf6 8. Bxc4 e6
9. Qxb3 Qc7 10. e5 Nd5 11. Nge2 Ba6 12. O-O Be7 13. f4 O-O 14. f5 Bxc4 15. Qxc4
Nd7 16. fxe6 fxe6 17. Nf4 Qb6 18. Nxe6 Rxf1+ 19. Kxf1 Kh8 20. a5 Qb7 21. Na4 Nf8
22. a6 Qb5 23. Qxb5 cxb5 24. Nac5 Bxc5 25. Nxc5 Ng6 26. Ne6 h6 27. Ra5 Rb8 28.
Ke2 Kh7 29. Nc5 Ngf4+ 30. Bxf4 Nxf4+ 31. Kf3 g5 32. e6 Re8 33. Rxb5 Nxe6 34.
Nxe6 Rxe6 35. Rb7+ Kg6 36. Rxa7 Rb6 37. Ra8 Kf7 38. a7 Ra6 0-1

[Event "AUTO-ADV-3735"]
[Site "http://www.queenalice.com/game.php?id=1451146"]
[Date "2016.11.20"]
[Round "1"]
[White "biskydad"]
[Black "mvson33"]
[Result "1-0"]
[WhiteElo "1746"]
[BlackElo "1797"]

1. d4 Nf6 2. c4 e6 3. Nc3 d5 4. Nf3 Be7 5. e3 O-O 6. Be2 dxc4 7. Bxc4 Nc6 8. h3
Bd7 9. O-O Na5 10. Bd3 Rb8 11. e4 Nc6 12. Bg5 a6 13. e5 Nd5 14. Bxe7 Qxe7 15. a3
Na7 16. Qe2 c5 17. Bc4 cxd4 18. Nxd5 exd5 19. Bxd5 Bb5 20. Bc4 Bxc4 21. Qxc4
Rbc8 22. Qxd4 Nc6 23. Qf4 Rce8 24. Rfe1 h6 25. Re3 Qc5 26. b4 Qe7 27. a4 Nxb4
28. Re2 Nd5 29. Qd4 Rd8 30. a5 Nb4 31. Qe4 Qc5 32. e6 fxe6 33. Qxe6+ Kh8 34. Qg6
Nd5 35. Re5 Qc3 36. Rae1 Nf4 37. Qb1 Nd3 38. R5e3 Qxa5 39. Rxd3 Rxd3 40. Qxd3 b5
41. g4 b4 42. h4 Qb6 43. h5 a5 44. Nd4 Rd8 45. Re4 a4 46. Re6 Qxd4 47. Re8+ 1-0

[Event "AUTO-ADV-3735"]
[Site "http://www.queenalice.com/game.php?id=1451147"]
[Date "2016.11.20"]
[Round "1"]
[White "mvson33"]
[Black "biskydad"]
[Result "0-1"]
[WhiteElo "1812"]
[BlackElo "1740"]

1. Nf3 d5 2. d4 c5 3. dxc5 Nc6 4. e3 g6 5. a3 Nf6 6. Bd2 Ne4 7. Be2 Bg7 8. O-O
Bxb2 9. Ra2 Bf6 10. Nc3 Bxc3 11. Bxc3 Nxc3 12. Qa1 Nxa2 13. Qxa2 Be6 14. Qb2 O-O
15. Nd4 Qd7 16. Bb5 a6 17. Ba4 Qc7 18. Nxc6 bxc6 19. Qd4 Rab8 20. Qd3 Bf5 21.
Qd2 Rb2 22. Rc1 e5 23. Bb3 Rb8 24. Qc3 Rxc2 25. Bxc2 Bxc2 26. Qxc2 Qa5 27. g3
Qxa3 28. Qc3 Qxc3 29. Rxc3 Rb1+ 30. Kg2 a5 31. Ra3 Rb5 32. Rc3 a4 33. f3 Ra5 34.
Ra3 f5 35. e4 Rxc5 36. Rxa4 d4 37. Ra2 d3 38. Ra1 Rc2+ 39. Kh3 c5 0-1

[Event "AUTO-ADV-3735"]
[Site "http://www.queenalice.com/game.php?id=1451148"]
[Date "2016.11.20"]
[Round "1"]
[White "biskydad"]
[Black "renatomfelipe"]
[Result "0-1"]
[WhiteElo "1775"]
[BlackElo "1902"]

1. d4 e6 2. c4 b6 3. Nc3 Bb4 4. e4 Bxc3+ 5. bxc3 Bb7 6. d5 e5 7. Nf3 d6 8. Bd3
h6 9. Qa4+ c6 10. dxc6 Bxc6 11. Qb4 a5 12. Qb2 Nf6 13. Nd2 Na6 14. h3 Nc5 15.
Bc2 Nfxe4 16. O-O Nxd2 17. Bxd2 Rb8 18. Bf5 O-O 19. Be3 Qf6 20. Qc2 e4 0-1

[Event "AUTO-ADV-3735"]
[Site "http://www.queenalice.com/game.php?id=1451149"]
[Date "2016.11.20"]
[Round "1"]
[White "renatomfelipe"]
[Black "biskydad"]
[Result "1-0"]
[WhiteElo "1890"]
[BlackElo "1787"]

1. e4 c5 2. b3 g6 3. Bb2 Nf6 4. e5 Nd5 5. c4 Nc7 6. Nf3 Bg7 7. Be2 d6 8. Qc2 Bf5
9. d3 Nc6 10. Nbd2 Ne6 11. exd6 Qxd6 12. Bxg7 Nxg7 13. Ne4 Bxe4 14. dxe4 Nb4 15.
Qc3 O-O 16. a3 Nc6 17. Rd1 Qe6 18. Bd3 Rfd8 19. O-O a5 20. Rfe1 1-0

[Event "Challenge"]
[Site "http://www.queenalice.com/game.php?id=1452203"]
[Date "2016.11.27"]
[Round "-"]
[White "dbwright308"]
[Black "biskydad"]
[Result "1-0"]
[WhiteElo "1807"]
[BlackElo "1669"]

1. e4 c5 2. Bc4 g6 3. Qf3 e6 4. Qc3 Qf6 5. Qxf6 Nxf6 6. Nc3 Bg7 7. Nh3 a6 8. O-O
b5 9. Be2 b4 10. Bf3 Nc6 11. Na4 Nd4 12. c3 Nxf3+ 13. gxf3 d6 14. Nb6 Rb8 15.
Nxc8 Rxc8 16. cxb4 cxb4 17. d3 O-O 18. Bd2 a5 19. f4 Rc2 20. e5 dxe5 21. fxe5
Rxd2 22. exf6 Bxf6 23. a3 Rxd3 24. f3 Bxb2 25. Rad1 Rxa3 26. Kg2 b3 27. Rd3 Ra1
28. Rxb3 Bd4 29. Rxa1 Be5 30. Rxa5 f5 31. Rxe5 Re8 32. Ng5 h6 33. Nxe6 h5 34.
Rb7 f4 35. Rg7+ Kh8 36. Rxg6 Kh7 37. Reg5 h4 38. Kh3 Rb8 39. Rg7+ Kh6 40. R5g6+
Kh5 41. Nxf4# 1-0

[Event "AUTO-ADV-3752"]
[Site "http://www.queenalice.com/game.php?id=1456020"]
[Date "2016.12.22"]
[Round "1"]
[White "biskydad"]
[Black "The_Clown"]
[Result "0-1"]
[WhiteElo "1673"]
[BlackElo "1669"]

1. d4 d5 2. c4 Nf6 3. Nc3 c6 4. e3 a6 5. Nf3 Bg4 6. Be2 Bxf3 7. Bxf3 e6 8. h3
Bb4 9. a3 Bxc3+ 10. bxc3 dxc4 11. a4 O-O 12. Ba3 Re8 13. Be2 b5 14. Bf3 Qa5 15.
Bb4 Qb6 16. a5 Qc7 17. e4 e5 0-1

[Event "AUTO-ADV-3752"]
[Site "http://www.queenalice.com/game.php?id=1456021"]
[Date "2016.12.22"]
[Round "1"]
[White "The_Clown"]
[Black "biskydad"]
[Result "1-0"]
[WhiteElo "1651"]
[BlackElo "1691"]

1. d4 Nf6 2. d5 c5 3. c4 g6 4. Nc3 d6 5. e4 Bg7 6. f4 Qa5 7. Bd2 Qb6 8. b3 Bg4
9. Be2 Bxe2 10. Qxe2 Nbd7 11. Nf3 O-O 12. O-O a6 13. e5 dxe5 14. fxe5 Nh5 15.
Bg5 Qc7 16. Bxe7 Rfe8 17. Bd6 Qa5 18. Qd2 1-0

[Event "AUTO-ADV-3752"]
[Site "http://www.queenalice.com/game.php?id=1456022"]
[Date "2016.12.22"]
[Round "1"]
[White "biskydad"]
[Black "Cacmathias"]
[Result "0-1"]
[WhiteElo "1736"]
[BlackElo "2222"]

1. d4 c5 2. d5 g6 3. c4 f5 4. Nc3 d6 5. Nf3 Bg7 6. e3 Nf6 7. Be2 Na6 8. Bd2 Ne4
9. Rb1 Nxd2 10. Qxd2 Bf6 11. O-O O-O 12. e4 fxe4 13. Nxe4 Bg7 14. a3 Bf5 0-1

[Event "AUTO-ADV-3752"]
[Site "http://www.queenalice.com/game.php?id=1456023"]
[Date "2016.12.22"]
[Round "1"]
[White "Cacmathias"]
[Black "biskydad"]
[Result "1-0"]
[WhiteElo "2223"]
[BlackElo "1734"]

1. f4 d5 2. Nf3 g6 3. g3 Bg7 4. Bg2 Nf6 5. O-O c5 6. d4 cxd4 7. Nxd4 Nc6 8. Be3
Ng4 9. Nxc6 bxc6 10. Bd4 e5 11. fxe5 Bxe5 12. Bxe5 Nxe5 13. Qd4 Qe7 14. c4 O-O
15. cxd5 1-0

[Event "AUTO-ADV-3752"]
[Site "http://www.queenalice.com/game.php?id=1456024"]
[Date "2016.12.22"]
[Round "1"]
[White "biskydad"]
[Black "Ghenov"]
[Result "0-1"]
[WhiteElo "1732"]
[BlackElo "1682"]

1. d4 d5 2. c4 c6 3. Nc3 Nf6 4. Nf3 g6 5. e3 Bg7 6. h3 O-O 7. Bd3 b6 8. O-O c5
9. b3 a6 10. dxc5 bxc5 11. cxd5 Nxd5 12. Bd2 Nxc3 13. Qc2 Ne2+ 14. Bxe2 Bxa1 15.
Rxa1 Nd7 16. Rd1 Qb6 17. Qc3 Bb7 18. Ne5 Nxe5 0-1

[Event "AUTO-ADV-3752"]
[Site "http://www.queenalice.com/game.php?id=1456025"]
[Date "2016.12.22"]
[Round "1"]
[White "Ghenov"]
[Black "biskydad"]
[Result "1-0"]
[WhiteElo "1662"]
[BlackElo "1764"]

1. d4 Nf6 2. Nf3 g6 3. g3 d5 4. Bg2 Bg7 5. O-O c5 6. c3 cxd4 7. cxd4 Nc6 8. e3
O-O 9. Nc3 Be6 10. Re1 Bg4 11. e4 dxe4 12. Nxe4 Nxe4 13. Rxe4 Bxf3 14. Bxf3 Nxd4
15. Qd3 Nxf3+ 16. Qxf3 Qd6 17. Rb1 1-0

[Event "Challenge"]
[Site "http://www.queenalice.com/game.php?id=1458796"]
[Date "2017.1.10"]
[Round "-"]
[White "dbwright308"]
[Black "biskydad"]
[Result "1-0"]
[WhiteElo "1806"]
[BlackElo "1654"]

1. e4 c5 2. c3 g6 3. d4 cxd4 4. cxd4 Bg7 5. e5 d6 6. f4 e6 7. Nc3 Ne7 8. Nge2 a6
9. Be3 Nbc6 10. Qc2 b5 11. O-O-O Nb4 12. Qd2 Nf5 13. g4 Bb7 14. Rg1 Nh4 15. Rg3
Qa5 16. a3 Nd5 17. Nxd5 exd5 18. Qxa5 dxe5 19. fxe5 O-O 20. Bg5 Nf5 21. gxf5 h6
22. Qc7 Bc8 23. Be7 Re8 24. fxg6 Bf5 25. Nf4 Rac8 26. Qxc8 Rxc8+ 27. Rc3 Re8 28.
Rc7 fxg6 29. Bd3 Bxd3 30. Rxd3 g5 31. Ne6 g4 32. Nxg7 Kxg7 33. Rg3 h5 34. h3 Kf7
35. hxg4 1-0

[Event "Challenge"]
[Site "http://www.queenalice.com/game.php?id=1476369"]
[Date "2017.5.2"]
[Round "-"]
[White "mvson33"]
[Black "biskydad"]
[Result "1-0"]
[WhiteElo "1945"]
[BlackElo "1659"]

1. e4 c5 2. Nf3 g6 3. d4 cxd4 4. Nxd4 Bg7 5. Nc3 Nc6 6. Nxc6 bxc6 7. Bd2 d6 8.
Bd3 Nf6 9. O-O O-O 10. Bg5 Bg4 11. Qd2 Qb6 12. Rab1 1-0